Qualitative psychology: a practical guide to research methods. (3rd ed.) (Record no. 55389)

MARC details
000 -LEADER
fixed length control field 00615nam a2200157 a 4500
008 - FIXED-LENGTH DATA ELEMENTS--GENERAL INFORMATION
fixed length control field 180911s2015 ||||||||||||||||| || u
020 ## - INTERNATIONAL STANDARD BOOK NUMBER
International Standard Book Number 9781446298466
050 ## - LIBRARY OF CONGRESS CALL NUMBER
Classification number BF 76.5 Qua
100 ## - MAIN ENTRY--PERSONAL NAME
Personal name Smith, Jonathan A
245 10 - TITLE STATEMENT
Title Qualitative psychology: a practical guide to research methods. (3rd ed.)
Statement of responsibility, etc. By Jonathan A. Smith
250 ## - EDITION STATEMENT
Edition statement 3rd edition
260 ## - PUBLICATION, DISTRIBUTION, ETC.
Place of publication, distribution, etc. Los Angeles:
Name of publisher, distributor, etc. SAGE Publications
Date of publication, distribution, etc. 2015
300 ## - PHYSICAL DESCRIPTION
Extent ix, 301p.: ill.
350 ## - PRICE (NR) (BK AM CF MU VM SE) [OBSOLETE]
Price 50.40
995 ## - RECOMMENDATION 995 [LOCAL, UNIMARC FRANCE]
-- CBU-MAIN LIBRARY (Kitwe)
-- 50.40
-- 1
-- AVAILABLE
-- Sep 20, 2018
-- Main Library Open Access Collection
Holdings
Withdrawn status Lost status Source of classification or shelving scheme Damaged status Not for loan Home library Current library Shelving location Date acquired Total Checkouts Full call number Barcode Date last seen Price effective from Koha item type
          CBU-MAIN LIBRARY, KITWE. CBU-MAIN LIBRARY, KITWE.   11/30/2022   BF 76.5 Qua 748505 11/30/2022 11/30/2022 MONOGRAPH